| 000 | 00947nam a22002897a 4500 | ||
|---|---|---|---|
| 001 | 6077 | ||
| 003 | FISKH | ||
| 005 | 20250307111413.0 | ||
| 008 | 250307b cb ||||| |||| 00| 0 eng d | ||
| 020 | _a9781338187168 | ||
| 040 |
_aFISKH _beng _cFISKH _dFISKH |
||
| 050 | _aPZ7.R55 S | ||
| 082 | _a 813.6 | ||
| 100 |
_aRiley, James _d(1977–) |
||
| 245 |
_aStory thieves : _bSecret origins / _cJames Riley |
||
| 250 | _aThis edition first published in 2017 | ||
| 260 |
_aNew York : _bScholastic, _c2017 |
||
| 300 |
_a375 pages : _c20 cm |
||
| 505 | _aR | ||
| 520 | _aAided by old friends and new, Owen and Bethany try to bring the light back to Jupiter City, a comic book world where they discover a link between the Dark and Bethany's father. | ||
| 521 | 8 |
_a720
_bLexile |
|
| 521 | 8 |
_aR
_bRaz-Plus |
|
| 650 |
_2Story Thieves _aSerious-chills |
||
| 650 |
_2Novels-series _aSeries-stack |
||
| 942 |
_2ddc _cBK _n0 |
||
| 999 |
_c6077 _d6077 |
||